000
00252nam a2200097Ia 4500
001
1100657
005
20250827003243.0
008
250824s9999 xx 000 0 und d
245
0
_a
AZERBEYCANDAN MASALLAR
_c
R. SEYFİ YURDAKUL
260
_b
MEB YAYINLARI
999
_c
1100657
_d
1100657